Lebensmittel mit "E" - Statistiken

Allgemein
  • Dieses Quiz wurde 298 mal gespielt
  • Das Durchschnittsergebnis liegt bei 11 aus 33
Antwortstatistiken
Lebensmittel % Korrekt
Eis
97%
Eier
82%
Erdbeere
77%
Emmentaler
57%
Ente
50%
Erbse
50%
Essig
48%
Erdnuss
45%
Edamer
44%
Estragon
38%
Eisbergsalat
36%
Eierkuchen
35%
Eierlikör
35%
Essiggurke
33%
Eistee
32%
Endivie
31%
Eisbein
29%
Erdnussbutter
29%
Esspapier
29%
Erbsensuppe
25%
Erdbeermarmelade
24%
Eintopf
23%
Eclair
22%
Esskastanie
21%
Erdbeertorte
20%
Eiskaffee
19%
Eierpfannkuchen
18%
Eukalyptus - Bonbon
17%
Eiswaffel
14%
Espresso
7%
Earl Grey
4%
Energydrink
3%
Erdnussflip
2%
Keine übereinstimmenden Quizze gefunden
Verteilung der Resultate
Anzahl Personen mit jedem Resultat
Perzentil nach korrekt beantworteten Fragen
Ihre Resultats-Entwicklung
Sie haben dieses Quiz noch nicht gespielt